000 00462nam a2200169Ia 4500
003 OSt
005 20260324135543.0
008 190216s9999||||xx |||||||||||||| ||und||
040 _coclc
082 _a823.8
_bBRA/D
100 1 _aStoker, Bram,
_d1847-1912
_98465
245 0 _aDrakkula /
_cBramstocker
260 _bOrient Books,
_aKozhikode:
_c2006.
300 _a111p
650 _aNovel
942 _cBK
_2ddc
_h823.8
_iBRA/D
_k823.8
_mBRA/D
999 _c28917
_d28917